| 000 | 00629nam a2200229 a 4500 | ||
|---|---|---|---|
| 005 | 20210219152900.0 | ||
| 008 | 991125n 000 0 u | ||
| 035 | _aUPN01000065027 | ||
| 100 | _aMaeroff, Gene I | ||
| 222 | _aPHI DELTA KAPPAN | ||
| 245 | _aAssessing alternative assessment | ||
| 300 | _a272-281 | ||
| 362 | _a73, No. 4, 1991 | ||
| 505 | _aAbril 1992 | ||
| 653 | 0 | _aEVALUACION DEL ESTUDIANTE | |
| 653 | 0 | _aMETODOS DE EVALUACION | |
| 653 | 0 | _aPORTFOLIOS (BACKGROUND MATERIALS) | |
| 653 | 0 | _aPRUEBAS DE PROBLEMAS | |
| 653 | 0 | _aPRUEBAS DE REFERENCIA NORMAL | |
| 904 |
_aAC _b002838 |
||
| 905 | _aArticulo | ||
| 999 |
_c62876 _d62876 |
||